000 00722nam a2200229 i 4500
001 bg
245 7 0 _aDigital signal processing in telecomunications :
_bEuropean Project COST#229 technical contributions /
_ced. Anibal R. Figueiras-Vidal.
260 _aLondon [et al.] :
_bSpringer,
_c1996.
300 _a[8], 406 :
_bfot., rys., wykr. ;
_c24 cm.
504 _aBibliogr. po rozdz.
650 9 _aPrzetwarzanie sygnałów
650 9 _aTelekomunikacja
650 9 _aUkłady cyfrowe
700 1 _aFIGUEIRAS-VIDAL, Anibal R.
_eRed.
020 _a3540760377
040 _cBPK
041 _apol
080 _a621.391:681.322.05
920 _a3-540-76037-7
942 _cKS
008 s pl f |000 0 pol
999 _c31383
_d31383
856 _uhttp://koha.tu.koszalin.pl/cgi-bin/koha/opac-detail.pl?biblionumber=31383
_yKatalog online BPK